Quels fleuves traversent ces villes? - Statistiques

Statistiques générales
  • Ce quiz a été pris 39 fois
  • Le résultat moyen est 8 sur 15
Statistiques - réponses
Villes ANSWER % Correct
Khartoum, Le Caire, Assouan Nil
100%
Kazan, Samara, Volgograd Volga
95%
Saint-Louis, Memphis, La Nouvelle-Orléans Mississippi
92%
Iquitos, Leticia, Manaus Amazone
74%
Vientiane, Phnom Penh, Hô Chi Minh-Ville Mékong
71%
Kinshasa, Kisangani, Mbandaka Congo
68%
Bamako, Niamey, Mopti Niger
61%
Blagovchtchensk, Khabarovsk, Heihe Amour
55%
Lanzhou, Zhengzhou, Jinan Fleuve Jaune|Huang He
45%
Chongqing, Wuhan, Shanghai Yangtze|Yang-Tsé
42%
Krasnoïarsk, Doubronavsk, Igarka Ienisseï
29%
Yakoutsk, Lensk, Olekminsk Lena
26%
Biïsk, Barnaoul, Novossibirsk Ob
26%
Asunción, Buenos Aires, Rosario Paraná
18%
Fort Providence, Fort Simpson, Inuvik Mackenzie
3%
Aucun quiz correspondant
Distribution des résultats
% des personnes avec chaque résultat
Percentile par nombre de réponses
Votre historique - résultats
Vous n’avez pas pris ce quiz